| 000 | 00759cam a2200241 4500500 | ||
|---|---|---|---|
| 005 | 20260412000236.0 | ||
| 041 | _afre | ||
| 042 | _adc | ||
| 100 | 1 | 0 |
_aGauchet, Marcel _eauthor |
| 700 | 1 | 0 |
_aFleury, Cynthia _eauthor |
| 700 | 1 | 0 |
_aLegros, Martin _eauthor |
| 245 | 0 | 0 | _aMarcel Gauchet-Cynthia Fleury : guérir la démocratie contre elle-même |
| 260 | _c2024. | ||
| 500 | _a88 | ||
| 690 | _aCynthia Fleury | ||
| 690 | _aDémocratie | ||
| 690 | _aMarcel Gauchet | ||
| 690 | _aPeuple | ||
| 690 | _aPolitique | ||
| 690 | _aRassemblement national | ||
| 786 | 0 | _nPhilosophie magazine | 182 | 9 | 2024-09-01 | p. 33-34 | 1951-1787 | |
| 856 | 4 | 1 | _uhttps://shs.cairn.info/magazine-philosophie-magazine-2024-9-page-33?lang=fr&redirect-ssocas=7080 |
| 999 |
_c2209494 _d2209494 |
||